Wypełnij mapę świata, zgadując najbliższą stolicę - Statystyki

Ogólne statystyki
  • Ten quiz został rozwiązany 19 razy
  • Średni wynik to 66 z 195
Odpowiedzi na mapie
Odpowiedzi zakodowano w zielono-czerwonej skali na mapie do tego quizu, zgodnie z poniższymi procentami.
 
Statystyki odpowiedzi
Dystans Stolice % Poprawnych
174 km Amsterdam
100%
438 km Berno
100%
321 km Bruksela
100%
413 km Lublana
100%
320 km Luksemburg
100%
289 km Paryż
100%
159 km Vaduz
100%
117 km Zagrzeb
94%
318 km Belgrad
83%
55 km Bratysława
83%
162 km Budapeszt
83%
172 km Podgorica
83%
197 km Sarajewo
83%
153 km Skopje
83%
132 km Tirana
83%
268 km Wiedeń
83%
357 km Berlin
78%
296 km Bukareszt
78%
82 km Helsinki
78%
401 km Kijów
78%
358 km Kiszyniów
78%
483 km Kopenhaga
78%
434 km Mińsk
78%
418 km Oslo
78%
280 km Praga
78%
78 km Prisztina
78%
262 km Ryga
78%
227 km Rzym
78%
1120 km San Marino
78%
177 km Sofia
78%
396 km Sztokholm
78%
279 km Tallinn
78%
518 km Warszawa
78%
0 km Watykan
78%
172 km Wilno
78%
458 km Monako
72%
948 km Algier
67%
499 km Andora
67%
818 km Ankara
67%
1111 km Ateny
67%
503 km Lizbona
67%
494 km Madryt
67%
530 km Nikozja
67%
561 km Rabat
67%
356 km Trypolis
67%
635 km Tunis
67%
401 km Valletta
67%
178 km Amman
61%
241 km Bejrut
61%
88 km Damaszek
61%
69 km Jerozolima
61%
427 km Kair
61%
302 km Abu Zabi
56%
136 km Ad-Dauha
56%
559 km Addis Abeba
56%
705 km Asmara
56%
1296 km Bagdad
56%
687 km Chartum
56%
435 km Dżibuti
56%
1197 km Dżuba
56%
554 km Kuwejt
56%
440 km Manama
56%
420 km Maskat
56%
1192 km Rijad
56%
1066 km Sana
56%
516 km Kampala
50%
377 km Kigali
50%
715 km Dodoma
44%
165 km Gitega
44%
1018 km Mogadiszu
44%
556 km Nairobi
44%
7 km Brazzaville
22%
1058 km Gaborone
22%
518 km Harare
22%
551 km Kinszasa
22%
2614 km Lilongwe
22%
1584 km Luanda
22%
399 km Lusaka
22%
148 km Maputo
22%
303 km Mbabane
22%
260 km Pretoria
22%
1282 km Windhuk
22%
730 km Abudża
17%
169 km Akra
17%
925 km Antananarywa
17%
1698 km Bamako
17%
943 km Bangi
17%
332 km Bissau
17%
167 km Dakar
17%
363 km Freetown
17%
578 km Jamusukro
17%
661 km Jaunde
17%
125 km Konakry
17%
161 km Lomé
17%
625 km Maseru
17%
613 km Monrovia
17%
1557 km Moroni
17%
408 km Nawakszut
17%
1413 km Ndżamena
17%
1056 km Port Louis
17%
608 km Porto-Novo
17%
877 km Praia
17%
303 km São Tomé
17%
702 km Wagadugu
17%
890 km Apia
11%
949 km Astana
11%
671 km Aszchabad
11%
447 km Baku
11%
1527 km Bandar Seri Begawan
11%
207 km Bandżul
11%
990 km Bangkok
11%
776 km Basseterre
11%
473 km Biszkek
11%
1025 km Bogota
11%
341 km Bridgetown
11%
2330 km Canberra
11%
1395 km Caracas
11%
150 km Castries
11%
819 km Ciudad de la Paz
11%
420 km Dhaka
11%
2050 km Dili
11%
2798 km Dublin
11%
912 km Duszanbe
11%
894 km Dżakarta
11%
4759 km Erywań
11%
2899 km Funafuti
11%
717 km Georgetown
11%
482 km Hanoi
11%
554 km Hawana
11%
1406 km Honiara
11%
370 km Islamabad
11%
1857 km Kabul
11%
802 km Katmandu
11%
817 km Kingston
11%
1002 km Kuala Lumpur
11%
203 km Libreville
11%
665 km Majuro
11%
771 km Male
11%
344 km Managua
11%
1267 km Manila
11%
6568 km Moskwa
11%
1538 km Nassau
11%
743 km Naypyidaw
11%
3181 km Ngerulmud
11%
415 km Niamey
11%
689 km Nowe Delhi
11%
745 km Nuku'alofa
11%
3866 km Ottawa
11%
1461 km Palikir
11%
1029 km Panama
11%
349 km Paramaribo
11%
810 km Pekin
11%
539 km Phnom Penh
11%
194 km Pjongjang
11%
475 km Port-au-Prince
11%
2374 km Port Moresby
11%
158 km Port-of-Spain
11%
2176 km Port Vila
11%
733 km Quito
11%
1496 km Reykjavík
11%
208 km Roseau
11%
135 km Saint George's
11%
96 km Saint John’s
11%
510 km San José
11%
219 km San Salvador
11%
253 km Santo Domingo
11%
1486 km Seul
11%
318 km Singapur
11%
8613 km Sri Dźajawardanapura Kotte
11%
1074 km Suva
11%
1164 km Tajpej
11%
713 km Tarawa
11%
308 km Taszkent
11%
170 km Tbilisi
11%
240 km Tegucigalpa
11%
539 km Teheran
11%
426 km Thimphu
11%
3016 km Tokio
11%
1170 km Ułan Bator
11%
1347 km Viktoria
11%
732 km Waszyngton
11%
2693 km Wellington
11%
711 km Wientian
11%
1254 km Yaren
11%
1464 km Asunción
6%
347 km Belmopan
6%
3014 km Brasília
6%
1041 km Buenos Aires
6%
176 km Gwatemala
6%
99 km Kingstown
6%
1079 km La Paz
6%
4262 km Lima
6%
1121 km Meksyk
6%
208 km Montevideo
6%
1340 km Santiago
6%
Nie znaleziono quizów pasujących do podanych kryteriów
Rozkład punktacji
Procent ludzi z każdym wynikiem
Percentyl według liczby udzielonych odpowiedzi
Twoja historia wyników
Nie rozwiązałeś tego quizu